LEADER 01675nam 2200421Ia 450 001 9910690199503321 005 20021101142730.0 035 $a(CKB)5470000002335273 035 $a(OCoLC)32534667 035 9 $aocm32534667 035 $a(OCoLC)995470000002335273 035 $a(EXLCZ)995470000002335273 100 $a19950525d1994 ua 0 101 0 $aeng 181 $ctxt$2rdacontent 182 $cn$2rdamedia 183 $anc$2rdacarrier 200 10$aRefining 1970's land-use data with 1990 population data to indicate new residential development /$fby Kerie J. Hitt 210 1$aReston, VA. :$cU.S. Geological Survey ;$aDenver, CO :$cU.S.G.S. Earth Science Information Center, Open-File Reports Section [distributor],$d1994. 215 $avi, 15 pages $cillustrations, maps ;$d28 cm 225 1 $aWater-resources investigations report ;$v94-4250 300 $a"National Water-Quality Assessment Program"--Cover. 320 $aIncludes bibliographical references (pages 14-15). 517 2 $aRefining 1970's land use data with 1990 population data to indicate new residential development 606 $aHousing development$zUnited States$xData processing 606 $aLand use$zUnited States$xData processing 615 0$aHousing development$xData processing. 615 0$aLand use$xData processing. 700 $aHitt$b Kerie J$01382667 712 02$aGeological Survey (U.S.) 801 0$bGIS 801 1$bGIS 801 2$bAGL 801 2$bGPO 906 $aBOOK 912 $a9910690199503321 996 $aRefining 1970's land-use data with 1990 population data to indicate new residential development$93426513 997 $aUNINA LEADER 01578nam0 22003491i 450 001 UON00262617 005 20231205103719.197 010 $a88-87002-17-7 100 $a20050405d2001 |0itac50 ba 101 $aita 102 $aIT 105 $a||||e ||||| 200 1 $aDizionario dialettale$elessico comparato dei comuni molisani compresi nelle valli interne del Biferno, del Trigno e del Volturno$fNino L. Bagnoli, Mario Discenza, Giambattista Faralli$gpresentazione di Alberto M. Cirese$gintroduzione di Francesco Avolio 205 $aVenafro : Vitmar$b2001 210 $a302 p.$a31 cm 215 $aIl volume fa parte del Programma Comunitario di Sviluppo Rurale LEADER II. 606 $aDIALETTI MOLISANI$xDizionari$3UONC056556$2FI 606 $aLingua italiana$xDialetti molisani$xDizionari$3UONC056557$2FI 620 $dVenafro$3UONL003912 676 $a457.719$cLingua italiana. Varianti geografiche. Molise$v21 700 1$aBAGNOLI$bNino L.$3UONV152950$0441013 701 1$aDISCENZA$bMario$3UONV152951$0441014 701 1$aFARALLI$bGiambattista$3UONV152952$0441015 702 1$aAVOLIO$bFrancesco$3UONV152953 702 1$aCirese$bAlberto M.$3UONV015293 712 $aVitmar$3UONV270701$4650 801 $aIT$bSOL$c20251017$gRICA 899 $aSIBA - SISTEMA BIBLIOTECARIO DI ATENEO$2UONSI 912 $aUON00262617 950 $aSIBA - SISTEMA BIBLIOTECARIO DI ATENEO$dSI S.C IV DIZ 41 $eSI DC 87 7 41 996 $aDizionario dialettale$978176 997 $aUNIOR